|
|
|
|
| LEADER |
00000nam a22000005a 4500 |
| 001 |
vtls011545574 |
| 003 |
SK-MaSNL |
| 005 |
20260301225348.0 |
| 008 |
210928s1975 xr 000 0 cze |
| 040 |
|
|
|a SNK
|b slo
|c SNK
|e AACR2
|
| 041 |
0 |
|
|a cze
|
| 044 |
|
|
|a xr
|c CZ
|
| 100 |
1 |
|
|a Brabec, František,
|d 1905-1992
|4 aut
|9 53455
|
| 245 |
1 |
0 |
|a Ekonomická analýza a plánování strojírenské a eletrotechnické výroby
|c František Brabec, Jiří Vysušil
|
| 250 |
|
|
|a 1. čes. vyd.
|
| 260 |
|
|
|a Praha
|b SNTL - Nakladatelství technické literatury, n. p.
|c 1975
|e Praha
|f Státní tiskárna
|
| 300 |
|
|
|a 275 s. [1] s.
|b obr. 53, tab. 29
|
| 500 |
|
|
|a Druhé vydavateľstvo: Alfa - Vydavateľstvo technickej a ekonomickej literatúry ; Publikace je určena studujícím strojních a elektrotechnických fakult vysokých škol technických, jakož i všem pracovníků strojírenské a hutní výroby, kteří pracují v oblasti organizace a řízení výroby
|
| 852 |
|
|
|a Slovenská národná knižnica v Martine
|b 10000
|h SC 36474
|
| 958 |
|
|
|a OND
|
| 999 |
|
|
|c 950612
|d 952542
|
| 952 |
|
|
|a SNK
|b SNK
|y VYP
|7 0
|p 17A1150236
|o snkSC 36474 D1
|i snkKIP 6084/75
|3 rekatalogizácia
|0 0
|1 0
|4 0
|d 2016-04-15
|l 0
|r 2026-02-24 09:47:05
|w 2026-02-24
|